|
|
|
|
| LEADER |
00000nam0a2200000 4500 |
| 001 |
18777 |
| 005 |
20231101205229.0 |
| 035 |
|
|
|a (RuTPU)RU\TPU\book\18931
|
| 035 |
|
|
|a BOOK00019000
|
| 090 |
|
|
|a 18777
|
| 100 |
|
|
|a 20011209d1980 km y0rusy50 ca
|
| 101 |
0 |
|
|a rus
|
| 102 |
|
|
|a RU
|
| 105 |
|
|
|a a z 000zb
|
| 200 |
1 |
|
|a Ибн Сина (Авиценна)
|e 980-1037
|f Б. Д. Петров
|
| 210 |
|
|
|a Москва
|c Медицина
|d 1980
|
| 215 |
|
|
|a 152 с.
|c ил.
|
| 600 |
|
0 |
|a Ибн Сина (Авиценна)
|c персидский учёный, философ, врач, музыкант
|c полное имя Абу Али Хусейн ибн Абдуллах ибн аль-Хасан ибн Али ибн Сина
|f 980-1037
|2 stltpush
|3 (RuTPU)RU\TPU\pers\9647
|9 1919
|
| 610 |
1 |
|
|a наука
|
| 610 |
1 |
|
|a история
|
| 610 |
1 |
|
|a Средняя Азия
|
| 610 |
1 |
|
|a 10 век
|
| 610 |
1 |
|
|a 11 век
|
| 610 |
1 |
|
|a медицина
|
| 675 |
|
|
|a 61(09)
|v 3
|
| 686 |
|
|
|a Ч213
|v LBC/SL-A
|2 rubbk
|
| 700 |
|
1 |
|a Петров
|b Б. Д.
|g Борис Дмитриевич
|
| 801 |
|
0 |
|a RU
|b 63413507
|c 20011209
|g PSBO
|
| 801 |
|
2 |
|a RU
|b 63413507
|c 20190606
|g PSBO
|
| 942 |
|
|
|c BK
|